Sheryl Crow Songs - Sudden Death - Statistics

General Stats
  • This quiz has been taken 16 times
  • The average score is 7 of 19
Answers on the Grid
Answers color-coded by a green-red scale on the quiz's grid according to % correct below.
Hand In My Pocket
Leaving Arizona
If It Makes You Happy
My Favorite Mistake
Good Is Good
Tomorrow Never Dies
Redemption Song
Soak Up The Sun
Missouri
All I Wanna Do
Prove You Wrong
Love Is Free
Alexander McQueen
Everyday Is A Winding Road
Cornflake Girl
Strong Enough
Gold Dust Woman
Run Baby Run
Home
Always On Your Side
Tuesday Night Music Club
Anything But Down
Alarm Clock
Beautiful Stranger
Tell Me When It's Over
Letter To Jesus
Ordinary Evening
Hard To Make A Stand
Summer Day
A Change Would Do You Good
 
Answer Stats
Answer % Correct
If It Makes You Happy
71%
All I Wanna Do
57%
Everyday Is A Winding Road
57%
My Favorite Mistake
57%
Soak Up The Sun
57%
Anything But Down
43%
Good Is Good
43%
Run Baby Run
43%
Strong Enough
43%
Tomorrow Never Dies
43%
A Change Would Do You Good
29%
Always On Your Side
29%
Hard To Make A Stand
29%
Love Is Free
29%
Alarm Clock
14%
Home
14%
Summer Day
14%
Prove You Wrong
0%
Tell Me When It's Over
0%
No matching quizzes found
Score Distribution
Percent of People with Each Score
Percentile by Number Answered
Your Score History
You have not taken this quiz